Introduction to bioinformatics (Record no. 155490)

MARC details
000 -LEADER
fixed length control field 00360nam a22001577a 4500
003 - CONTROL NUMBER IDENTIFIER
control field OSt
020 ## - INTERNATIONAL STANDARD BOOK NUMBER
International Standard Book Number 978-0-19-568525-1
082 ## - DEWEY DECIMAL CLASSIFICATION NUMBER
Classification number 570.285
Item number LES/IN
100 ## - MAIN ENTRY--PERSONAL NAME
Personal name Lesk, Arthur M
245 ## - TITLE STATEMENT
Title Introduction to bioinformatics
250 ## - EDITION STATEMENT
Edition statement 2
260 ## - PUBLICATION, DISTRIBUTION, ETC. (IMPRINT)
Place of publication, distribution, etc Newdelhi
Name of publisher, distributor, etc Oxford University Press
Date of publication, distribution, etc 2005
300 ## - PHYSICAL DESCRIPTION
Extent 360p
546 ## - LANGUAGE
Language note English
942 ## - ADDED ENTRY ELEMENTS (KOHA)
Source of classification or shelving scheme Dewey Decimal Classification
Koha item type Books (General)
Holdings
Lost status Source of classification or shelving scheme Damaged status Not for loan Home library Current library Shelving location Date acquired Cost, normal purchase price Total Checkouts Full call number Barcode Date last seen Koha item type
  Dewey Decimal Classification   Not For Loan KAU Central Library, Thrissur KAU Central Library, Thrissur Reference 02/05/2017 295.00   570.285 LES/IN 808051 02/05/2017 Books (General)
Kerala Agricultural University Central Library
Thrissur-(Dt.), Kerala Pin:- 680656, India
Ph : (+91)(487) 2372219
E-mail: librarian@kau.in
Website: http://library.kau.in/